| 000 | 00970nam a2200241Ia 4500 | ||
|---|---|---|---|
| 001 | 534 | ||
| 003 | GE_BSU | ||
| 008 | 181216s||||||||xx |||||||||||||| ||und|| | ||
| 020 | _a9789941010880 | ||
| 040 | _cGE_BSU | ||
| 080 | _a616.31(075.8) | ||
| 100 | _aგოგილაშვილი,ქეთევან | ||
| 245 | _aენდოდონტიის საფუძვლები | ||
| 245 | _bსახელმძღვანელო სტომატოლოგიის ფაკ–ის სტუდენტებისათვის | ||
| 245 | _cრედ. ქეთევან გოგილაშვილი | ||
| 260 | _aთბილისი | ||
| 260 | _bთბილისის სახ. სახ. სამედიცინო უნ–ტის გამ–ბა | ||
| 260 | _c2009 | ||
| 300 | _a254გვ. | ||
| 541 | _h18ლ. | ||
| 653 | _aენდოდონტიის საფუძვლები | ||
| 942 | _cBK | ||
| 999 |
_c34744 _d34744 |
||